000 00523nam a2200169 4500
008 020619s1958 us 1 eng
090 _aB393
_bF91
100 1 _aFriedlander, Paul
245 1 0 _aPlato :
_ban introduction /
_cPaul Friedlander.
260 _aNew York :
_bHarper Torchbooks,
_cc1958.
300 _axxii, 422 p. :
_bills.
504 _aIncludes index
600 1 4 _aPlato, 427-347 B.C.
650 4 _aPhilosophy
_xAncient.
951 _p25016
_x00027727
_oB393/F91
_j070613111126703
_d2000-12-21
_cGC
999 _c8906
_d8906